000 01113nam a2200313 a 4500
005 20200104041548.0
008 140314s2002 ck a gr|||| 000 0 spa d
020 _a958698088X
040 _aCO-BoIAVH
_cCO-BoIAVH
041 0 _aspa
044 _ack
082 0 4 _a633.39
_bR78g1
100 1 _aRíos Katto, Clara Inés
245 1 0 _aGuía para el cultivo y aprovechamiento del botón de oro Tithonia diversifolia (Hemsl.) Gray /
_cCovenio Andres Bello
260 _aBogotá :
_bCovenio Andres Bello,
_c2002.
300 _a41 páginas :
_bIlustraciones,
_c27 x 21 cm.
505 _aIncluye referencias bibliográficas páginas 27-30.
650 1 6 _aBotón de oro
_xCultivo
650 2 6 _aBotón de oro
_xTaxonomía
650 2 4 _aAprovechamiento de recursos
650 2 4 _aPlantas forrajeras
650 2 4 _aPlantas alimenticias
650 2 4 _aAlimentación de los animales
650 2 4 _aPlantas para cercas vivas
650 2 4 _aCultivo
650 2 4 _aPlantas ornamentales
650 2 4 _aTithonia diversifolia
942 _cLIBRO
_2ddc
999 _c4231
_d4231